000 00326nam a2200133 i 4500
001 bg
100 1 _aŻmija, Józef.
245 0 _aPodstawy teorii zarodkowania i wzrostu kryształów /
_cJ. Żmija.
260 _aRadom,
_c1981.
040 _cBPK
041 _apol
942 _cKS
008 s pl f |000 0 pol
999 _c21829
_d21829
856 _uhttp://koha.tu.koszalin.pl/cgi-bin/koha/opac-detail.pl?biblionumber=21829
_yKatalog online BPK